000 00299nam a2200121 a 4500
008 100917s1968|||| d
100 1 _aDruon, Maurice
245 1 0 _aSkon kurtizány Lucrezie
020 _c14
260 _aBratislava
_bSlovenský spisovateľ
_c1968
044 _axo
_cSK
041 _aslo
999 _c10484
_d10484